000 00308nab a22001097u 4500
008 130520b1985 xxu||||| |||| 00| 0 spa d
041 _aspa
100 1 _aHenseler, H.
_967349
245 0 0 _aPsicología del suicidio
_cH. Henseler
773 0 _tConcilium
_gV.1,1985,págs.339-347
_x0210-1041
_wRev134
942 _cAR
999 _c355145
_d355145